000 00818nam a22002531 4500
001 29566
003 BD-RjUL
005 20211209051428.0
008 140403s1957 ne b 001 0 eng
035 _a(BD-RjUL)29651
035 _a(OCoLC)1847726
040 _aDLC
_cMiMtpT
_dDLC
_dBD-RjUL
_beng
041 _aeng
082 0 4 _222
_a230.2
_bZEJ 1957
100 0 _aZeno,
_990105
245 0 0 _aJohn Henry Newman, our way to certitude :
_ban introduction to Newman's psychological discovery, the illative sense and his Grammar of assent /
_cZeno.
260 _aLeiden :
_bE. J. Brill,
_c1957.
300 _axiv, 279 p. ;
_c25 cm.
504 _aBibliography: p. [271]-274. and index.
600 1 0 _aNewman, John Henry,
_d1801-1890.
_990107
942 _2ddc
_cBK
999 _c29566
_d29566